[Event "FRA-chT2 0910"]
[Site "France"]
[Date "2009.10.18"]
[Round "3.8"]
[White "Doucet, Antoine"]
[Black "Le Bail, Arielle"]
[Result "0-1"]
[WhiteElo "1791"]
[BlackElo "1852"]
[PlyCount "60"]
[EventDate "2009.09.27"]
[EventType "team-tourn"]
[EventRounds "11"]
[EventCountry "FRA"]
[SourceTitle "EXT 2011"]
[Source "ChessBase"]
[SourceDate "2010.11.26"]
[SourceVersion "1"]
[SourceVersionDate "2010.11.26"]
[SourceQuality "1"]

1. e4 e6 2. d4 d5 3. Nd2 c5 4. c3 b6 5. g3 Bb7 6. e5 Nc6 7. Ne2 Rc8 8. Bg2 Nge7 9. 0-0 cxd4 10. cxd4 Nf5 11. Nf3 Be7 12. Bd2 0-0 13. Bc3 b5 14. Qd3 Qb6 15. a3 a5 16. Rfb1 b4 17. axb4 axb4 18. Bd2 Na5 19. Be3 Ba6 20. Qd1 Rc6 21. g4 Nxe3 22. fxe3 Rfc8 23. Ne1 Nc4 24. Kf2 Bg5 25. Nf4 Nxe5 26. dxe5 Bxf4 27. Qd2 Rc2 28. Nxc2 Rxc2 29. Rxa6 Rxd2+ 30. Ke1 Qxe3+ 0-1

[Event "FRA-chT2 West 0809"]
[Site "France"]
[Date "2009.02.08"]
[Round "7.7"]
[White "Auvray, Simon"]
[Black "Doucet, Antoine"]
[Result "1-0"]
[WhiteElo "1944"]
[BlackElo "1781"]
[PlyCount "59"]
[EventDate "2008.10.19"]
[EventType "tourn"]
[EventRounds "11"]
[EventCountry "FRA"]
[SourceTitle "EXT 2010"]
[Source "ChessBase"]
[SourceDate "2010.11.25"]
[SourceVersion "1"]
[SourceVersionDate "2010.11.25"]
[SourceQuality "1"]
[WhiteTeam "Agneaux Saint Lo"]
[BlackTeam "Lisieux"]
[WhiteTeamCountry "FRA"]
[BlackTeamCountry "FRA"]

1. e4 c5 2. Nf3 Nc6 3. Bb5 Nf6 4. d3 a6 5. Bxc6 bxc6 6. 0-0 d5 7. e5 Ng4 8. Nc3 Qc7 9. Qe2 g6 10. Bf4 Bg7 11. Na4 Qa5 12. b3 0-0 13. h3 Nh6 14. Qe3 d4 15. Qc1 Nf5 16. g4 f6 17. gxf5 fxe5 18. Nxe5 Bxe5 19. Bxe5 Rxf5 20. Bg3 Rh5 21. h4 g5 22. Qd1 g4 23. Re1 e5 24. Rxe5 Rxe5 25. Bxe5 c4 26. Qe1 Qd8 27. Bg3 c3 28. Qe5 Bb7 29. Nc5 Ra7 30. Qe6+ 1-0

[Event "FRA-chT2 West 0809"]
[Site "France"]
[Date "2008.11.23"]
[Round "3.7"]
[White "Lagunes, Jean Renaud"]
[Black "Doucet, Antoine"]
[Result "1-0"]
[WhiteElo "2095"]
[BlackElo "1812"]
[PlyCount "69"]
[EventDate "2008.10.19"]
[EventType "tourn"]
[EventRounds "11"]
[EventCountry "FRA"]
[SourceTitle "EXT 2010"]
[Source "ChessBase"]
[SourceDate "2010.11.25"]
[SourceVersion "1"]
[SourceVersionDate "2010.11.25"]
[SourceQuality "1"]
[WhiteTeam "Echiquier Bordelais"]
[BlackTeam "Lisieux"]
[WhiteTeamCountry "FRA"]
[BlackTeamCountry "FRA"]

1. e4 e5 2. Nf3 Nc6 3. Bb5 Nf6 4. Qe2 d6 5. c3 a6 6. Ba4 Be7 7. 0-0 b5 8. Bc2 Bg4 9. Rd1 0-0 10. a4 b4 11. a5 d5 12. d3 Rb8 13. Nbd2 d4 14. cxb4 Bxb4 15. Nc4 Qe7 16. Bg5 Qc5 17. Bxf6 gxf6 18. h3 Be6 19. Nfd2 Bxd2 20. Rxd2 Bxc4 21. dxc4 Rxb2 22. Rd3 Ne7 23. Rg3+ Ng6 24. h4 Kh8 25. h5 Ne7 26. Raa3 Rbb8 27. Qf3 f5 28. exf5 f6 29. Qg4 Rg8 30. Qh4 Rbf8 31. Rxg8+ Nxg8 32. Rg3 h6 33. Qg4 Qe7 34. c5 Rf7 35. Qxg8# 1-0